MDQL
is popping MORE tags! Check the
thread
!
Quizzes
Events
Quiz Creation
Community
Videos
Private Events
Remove Ads
Sign In
Join for FREE
Feedback
Dark Mode
Quiz Categories
Sports
Geography
Music
Movies
Television
Just For Fun
Miscellaneous
History
Literature
Language
Science
Gaming
Entertainment
Religion
Holiday
For Kids
Quiz Lab
Recent
Popular Today
Quiz Kudos Today
Editor Picks
Curator Picks
Quizzes by...
Day
Popularity
Type
Ratings
Length
Year
Community
Subscriptions
Recent Discussions
Orange Saloon
Badges
Playlists
Quests
Create
Leaderboards
Showdown
Live 5
Trivia Bingo
Activity
Puzzle Library
Sporcle Events
Private Events
Virtual Trivia
Globe League
Become a Host
Pub Owners
SporcleCon
Opinionation
Our Games
Videos
Blog
Mobile Apps
Partnerships
Remove Ads and Go Orange
Feedback
Literature
Harry Potter
A Song of Ice and Fire
The Hunger Games
Literary Character
Shakespeare
Book
Author
Novel
Poem
Young Adult
Children's Books
Play
Lord of the Rings
Literature
Harry Potter
A Song of Ice and Fire
The Hunger Games
Literary Character
Shakespeare
Book
Author
Novel
Poem
Young Adult
Children's Books
Play
Lord of the Rings
Random Quiz
Search Sporcle
×
Quiz Lab
Quiz Lab
Literature
Hogwarts
Type in answers that appear in a list
Type in answers that appear in a list
Classic
Best Score? Go Orange.
Headmasters of Hogwarts Stats
Can you name the Headmasters of Hogwarts?
By
Bovrilicus
60s
20 Questions
247 Plays
247 Plays
247 Plays
Comments
Comments
Give Quiz Kudos
Give Quiz Kudos
-
- Ratings
hide this ad
Replay
Link that replays current quiz
Next Quiz
Link to next quiz in quiz playlist
You Got
0%
They Got
Avg Score
52%
Avg Friend Score
Upgrade to see
Score Distribution
Jump to the score distribution portion of the page
Score
0/20
Timer
01:00
0
Plays Today
Years
Headmaster
% Correct
1956-
1993
Albus Dumbledore
90.3%
1993-
1996
Albus Dumbledore
90.3%
1993
Minerva McGonagall
83.8%
1996-
1997
Minerva McGonagall
83.8%
1998-
2017
Minerva McGonagall
83.8%
1997-
1998
Severus Snape
83%
1996
Dolores Umbridge
74.5%
1925-
1956
Armando Dippet
67.2%
before 1926
Phineas Nigellus Black
57.1%
Middle Ages
Salazar Slytherin
49.8%
Years
Headmaster
% Correct
Middle Ages
Helga Hufflepuff
49.4%
Middle Ages
Godric Gryffindor
48.2%
Middle Ages
Rowena Ravenclaw
48.2%
17th Century
Everard
31.6%
1741-
1768
Dilys Derwent
30.8%
between Middle Ages and 16th Century
Dexter Fortescue
21.1%
20th Century
Newton Scamander
19.8%
between Middle Ages and 16th Century
Vulpus
15.4%
Tudor period
Amberose Swott
11.3%
before 1503
Eoessa Sakndenberg
6.9%
Quiz Playlist
Details
Report
Send in Message
Add To Playlist
Classic:
Type in answers that appear in a list
Last Updated: Feb 16, 2017
Quiz Scoreboard
CHALLENGE
Sign Up to Join the Scoreboard
Show All
Scores
Hide
Comments
May contain spoilers
Recently Published
Two Season TV Shows II
by 123Four
Television
10m
Image Sorting: Flags VI
by Barbecue
Geography
2m
Find the 'City' Movie
by crazypaving
Movies
60s
More to Explore
Quiz From the Vault
Featured Blog Post
14 Easter Pick-up Lines to Find Eggs With
hide this ad
You Might Also Like...
Tags
Headmaster
Hogwarts
Today's Top Quizzes in Literature
Browse Literature
hide this ad
Today's Top Quizzes in Hogwarts
Browse Hogwarts
Top Contributed Quizzes in Literature
1
Sneaky Slytherin Logic Puzzle
2
Harry Potter logic puzzle: The Hogwarts Soap Opera
3
Get The Picture: Black or White Literature
4
'Middle' Earth
5
Harry Potter Slytherin Logic Puzzle
6
ASOIAF Siblings Logic Puzzle
7
Logic Puzzle: Avoid Dumbledore's Army
8
The Men of ASOIAF - Logic Puzzle (Hard)
9
A Song of Ice and Fire Logic Puzzle
10
Quick Pick: Easter in Book Titles
Explore More
Trending Topics
Crossword
Harry Potter
Marvel
Kpop
Anime
NBA
Disney
The Office
Song
Soccer
NFL
Pokémon
Puzzle
WWE
Country
hide this ad
More By:
Bovrilicus
Quiz
Plays
Rating
Category
Featured
Created
Do you know Homer Simpson?
297
1.70
Television
Jun 7, 2010
Headmasters of Hogwarts
247
3.67
Literature
Jun 6, 2010
WWE Women's Champions
203
3.00
Sports
Jun 7, 2010
Masters of the Elder Wand
198
3.00
Literature
Jun 6, 2010
WWE Champions
148
2.50
Sports
Jun 6, 2010
Go to Creator's Profile
Score Distribution
Quiz Creator Spotlight
Bovrilicus
Follow
Send a Message
Quizzes Created
-
Created Quiz Play Count
-
More By This Creator
Popular Quizzes Today
1
Find the US States - No Outlines Minefield
2
Colored Red Africa Blitz
3
Find the 'City' Movie
4
5x2 Blitz: Bands
5
The Countries of the World
6
Find the Countries of Europe - No Outlines Minefield
7
Find the US States
8
US States
More Literature Quizzes
Percy Jackson
Quiz Lab
Trending Quizzes
Colored Red Europe Blitz I
Colored Red Africa Blitz II
Colored Red Europe Blitz II
Colored Red Africa Blitz III
Colored Red Europe Blitz III
Recently Updated
How Do You Spell That?
pecheneg
Godzilla Movies
pecheneg
Grab Bag: 4-10 Letters
pecheneg
2024 March Madness Bracket
pecheneg
Famous TV Couples
Peacemaker
Champions League XIs: Real Madrid
pecheneg
Largest US Cities 1790-2010
pecheneg
Rides in Walt Disney World
pecheneg
Most Oscar Losses (Acting)
pecheneg
Beyoncé Albums
pecheneg
Trending Topics
Crossword
Anime
Disney
NBA
Harry Potter
Kpop
Marvel
Pokémon
NFL
WWE
Soccer
The Office
Puzzle
Song
Country
Your Account Isn't Verified!
In order to create a playlist on Sporcle, you need to verify the email address you used during registration. Go to your
Sporcle Settings
to finish the process.
Report this User
Report this user for behavior that violates our
Community Guidelines
.
Details:
Send Report
Go to the Sporcle.com Mobile Site →
Comments